Ayuda y crecimiento: estudios muestran que la ayuda destinada al crecimiento produce resultados /
Enregistré dans:
| Auteur principal: | |
|---|---|
| Autres auteurs: | |
| Format: | Texte |
| Sujets: | |
| Tags: |
Ajouter un tag
Pas de tags, Soyez le premier à ajouter un tag!
|
MARC
| LEADER | 00000 a a2200000 04500 | ||
|---|---|---|---|
| 001 | 8085 | ||
| 003 | |||
| 040 | |||
| 100 | |a Radelet, Steven | ||
| 245 | |a Ayuda y crecimiento: |b estudios muestran que la ayuda destinada al crecimiento produce resultados / |c Steven Radelet | ||
| 650 | |a POBREZA | ||
| 650 | |a ECONOMIA | ||
| 650 | |a DESARROLLO ECONOMICO Y SOCIAL | ||
| 650 | |a PAISES EN DESARROLLO | ||
| 650 | |a PAISES DESARROLLADOS | ||
| 700 | |a Clemens, Michael |a Bhavnani, Rikhil | ||
| 773 | |g volumen 42, número 3; páginas 16-20 | ||
| 999 | |c 28884 |d 28884 | ||
